Kadra rep. Belgii na mundial 2018 - Statystyki

Ogólne statystyki
  • Ten quiz został rozwiązany 197 razy
  • Średni wynik to 17 z 24
Statystyki odpowiedzi
pozycja # klub piłkarz % Poprawnych
N 10 Chelsea Eden Hazard
96%
P 16 Borussia M Thorgan Hazard
96%
B 1 Chelsea Thibaut Courtois
94%
N 9 Man Utd Romelu Lukaku
92%
P 7 Man City Kevin De Bruyne
91%
O 5 Tottenham Jan Vertonghen
88%
N 14 Napoli Dries Mertens
87%
O 4 Man City Vincent Kompany
86%
B 12 Liverpool Simon Mignolet
82%
O 15 PSG Thomas Meunier
75%
P 8 Man Utd Marouane Fellaini
73%
O 2 Tottenham Toby Alderweireld
73%
P 6 Tianjin Quanjian Axel Witsel
70%
P 11 Dalian Yifang Yannick Carrasco
68%
O 3 Barcelona Thomas Vermaelen
61%
P 19 Tottenham Mousa Dembele
59%
B 13 Wolfsburg Koen Casteels
58%
N 18 Real Sociedad Adnan Januzaj
56%
P 22 WBA Nacer Chadli
54%
P 17 Monaco Youri Tielemans
51%
N 21 BVB Michy Batshuayi
48%
selekcjoner - - Roberto Martinez
48%
O 20 Celtic Dedryck Boyata
31%
O 23 Anderlecht Leander Dendoncker
16%
Nie znaleziono quizów pasujących do podanych kryteriów
Rozkład punktacji
Procent ludzi z każdym wynikiem
Percentyl według liczby udzielonych odpowiedzi
Twoja historia wyników
Nie rozwiązałeś tego quizu